000 00809nam a2200229 a 4500
001 000038807
005 20250723150125.0
008 100512s2002 dr r 000 0 spa d
020 _a9789993458760
040 _aDO-SdBNP
_bspa
_cBNPHU
082 _aRD861.44
_bD671g
100 1 _aDomínguez, Francisca Otilia,
_d1923-
_924943
245 1 0 _aGranito de amor /
_cFrancisca Otilia Domínguez ; prólogo Mariano Lebrón Saviñón.
260 _aSanto Domingo :
_bCentenario,
_c2002.
300 _a126 p. ;
_c22 cm.
500 _aIncluye datos biográficos del autor en la solapa
650 0 _aPoesía dominicana
_966
650 0 _aProsa dominicana
_912146
650 0 _aLiteratura dominicana.
_967
700 1 _aLebrón Saviñon, Mariano
_d1922-2014
_epról.
_97227
910 _aValidado. Control de calidad. MFF
999 _c38297
_d38297